000 00661cab a2200205 4500
001 WB2838-28
008 090401t1992 xxu||||| |||| 00| 0 eng d
035 _a(Sirsi) u26186
041 _aeng
245 _aCompany reports
260 _c1992
350 _a0
490 _aIndependent
_v29 September 1992, 20(1)
520 _aReview of the Institute of Chartered Accountants report "Accountancy and the Environment" which calls for a review of a companies environmental policy in their annual report.
650 _aANNUAL REPORTS
650 _aENVIRONMENTAL IMPACT
690 _aENVIRONMENTAL AND LAND CONSULTANCY
942 _n0
948 _c04/03/1997
999 _c17579
_d17579